000 00530nam a2200181 4500
003 SEACOMMC
005 20250501144241.0
008 250129b |||||||| |||| 00| 0 eng d
020 _a 0-0-70430-853
_cRs.370.00
040 _aSEACOMMC
082 _a150
_bH 644
100 _a Hilgard, Ernest R.
245 1 _aIntroduction to Psychology /
_cErnest R. Hilgard, Richard C. Atkinson and Rita L. Atkinson.
250 _a6th ed.
260 _a New Delhi
_b Oxford and IBH Publishing
_c 1975
650 _a Psychology
942 _cBOOK
999 _c1037
_d1037